Signos estéticos y teoría: crítica de las ciencias del arte
Saved in:
| Hovedforfatter: | |
|---|---|
| Format: | Bog |
| Sprog: | spansk |
| Udgivet: |
Barcelona
Anthropos
1986
|
| Serier: | Palabra Plástica, 7
|
| Fag: | |
| Tags: |
Tilføj Tag
Ingen Tags, Vær først til at tagge denne postø!
|
MARC
| LEADER | 00000nam a2200000 a 4500 | ||
|---|---|---|---|
| 001 | UCX8676 | ||
| 003 | CL-VaPUC | ||
| 008 | 940418e19860000SP |||||||||||||||||spa|d | ||
| 082 | 0 | 4 | |a 701.17 |b ALV |2 21 |
| 100 | |a Alvarez, Lluis Xabel |e author |9 325857 | ||
| 245 | 1 | 0 | |a Signos estéticos y teoría: crítica de las ciencias del arte |
| 300 | |a 291 p | ||
| 942 | |c BK | ||
| 945 | |d 19940418 00:00:00 |a aalvarez | ||
| 260 | |a Barcelona |b Anthropos |c 1986 | ||
| 650 | 0 | |a Estética |9 264950 | |
| 650 | 0 | |a Simbolismo |9 267046 | |
| 583 | |a last modification |c 20190801 08:56:38 |k Rodrigo Vera | ||
| 490 | 0 | |a Palabra Plástica, 7 | |
| 999 | |c 228112 |d 228110 | ||